<?xml version="1.0" encoding="UTF-8"?>
<record
    xmlns:xsi="http://www.w3.org/2001/XMLSchema-instance"
    xsi:schemaLocation="http://www.loc.gov/MARC21/slim http://www.loc.gov/standards/marcxml/schema/MARC21slim.xsd"
    xmlns="http://www.loc.gov/MARC21/slim">

  <leader>00615nam a22001937a 4500</leader>
  <controlfield tag="003">OSt</controlfield>
  <controlfield tag="005">20241015182421.0</controlfield>
  <controlfield tag="008">241015b        |||||||| |||| 00| 0 sp  d</controlfield>
  <datafield tag="040" ind1=" " ind2=" ">
    <subfield code="a">cunsuroc</subfield>
    <subfield code="b">esp</subfield>
    <subfield code="c">ana</subfield>
    <subfield code="d">ana</subfield>
  </datafield>
  <datafield tag="082" ind1=" " ind2=" ">
    <subfield code="2">7a. ed.</subfield>
    <subfield code="a">300.72 R741:7</subfield>
    <subfield code="b">5</subfield>
  </datafield>
  <datafield tag="100" ind1=" " ind2=" ">
    <subfield code="a">Rojas Soriano, Ra&#xFA;l</subfield>
    <subfield code="9">2219</subfield>
  </datafield>
  <datafield tag="245" ind1=" " ind2=" ">
    <subfield code="a">Gu&#xED;a para realizar investigaciones.</subfield>
    <subfield code="c">Rojas Soriano, Ra&#xFA;l</subfield>
    <subfield code="h">F&#xED;sico</subfield>
  </datafield>
  <datafield tag="250" ind1=" " ind2=" ">
    <subfield code="a">7a. ed.</subfield>
  </datafield>
  <datafield tag="260" ind1=" " ind2=" ">
    <subfield code="a">M&#xE9;xico:</subfield>
    <subfield code="b">Plaza y Vald&#xE9;s</subfield>
    <subfield code="c">1991.</subfield>
  </datafield>
  <datafield tag="300" ind1=" " ind2=" ">
    <subfield code="a">286p. :</subfield>
    <subfield code="c">il. ; 21cm.</subfield>
  </datafield>
  <datafield tag="365" ind1=" " ind2=" ">
    <subfield code="b">1</subfield>
    <subfield code="d">36.50</subfield>
    <subfield code="j">mx</subfield>
  </datafield>
  <datafield tag="650" ind1=" " ind2=" ">
    <subfield code="2">Investigaci&#xF3;n Social</subfield>
  </datafield>
  <datafield tag="942" ind1=" " ind2=" ">
    <subfield code="2">ddc</subfield>
    <subfield code="c">BK</subfield>
    <subfield code="e">7a. ed.</subfield>
    <subfield code="h">300.72 R741:7</subfield>
    <subfield code="n">0</subfield>
  </datafield>
  <datafield tag="999" ind1=" " ind2=" ">
    <subfield code="c">3905</subfield>
    <subfield code="d">3905</subfield>
  </datafield>
  <datafield tag="952" ind1=" " ind2=" ">
    <subfield code="0">0</subfield>
    <subfield code="1">0</subfield>
    <subfield code="2">ddc</subfield>
    <subfield code="4">0</subfield>
    <subfield code="7">0</subfield>
    <subfield code="8">NFIC</subfield>
    <subfield code="a">CUM</subfield>
    <subfield code="b">CUM</subfield>
    <subfield code="c">GEN</subfield>
    <subfield code="d">2024-10-15</subfield>
    <subfield code="e">donado Feria del Libro</subfield>
    <subfield code="f">Estanter&#xED;a</subfield>
    <subfield code="g">36.50</subfield>
    <subfield code="i">3619</subfield>
    <subfield code="l">0</subfield>
    <subfield code="o">300.72 R741:7 5</subfield>
    <subfield code="p">2024-000300003619</subfield>
    <subfield code="r">2024-10-15 18:25:50</subfield>
    <subfield code="t">c. 1</subfield>
    <subfield code="w">2024-10-15</subfield>
    <subfield code="y">BK</subfield>
  </datafield>
  <datafield tag="952" ind1=" " ind2=" ">
    <subfield code="0">0</subfield>
    <subfield code="1">0</subfield>
    <subfield code="2">ddc</subfield>
    <subfield code="4">0</subfield>
    <subfield code="7">0</subfield>
    <subfield code="8">NFIC</subfield>
    <subfield code="a">CUM</subfield>
    <subfield code="b">CUM</subfield>
    <subfield code="c">GEN</subfield>
    <subfield code="d">2024-10-15</subfield>
    <subfield code="e">donado</subfield>
    <subfield code="f">Estanter&#xED;a</subfield>
    <subfield code="g">3.75</subfield>
    <subfield code="i">1667</subfield>
    <subfield code="l">0</subfield>
    <subfield code="o">300.72 R741:7 5</subfield>
    <subfield code="p">56HB00001667</subfield>
    <subfield code="r">2024-10-15 18:27:37</subfield>
    <subfield code="t">c. 2</subfield>
    <subfield code="w">2024-10-15</subfield>
    <subfield code="y">BK</subfield>
  </datafield>
</record>
